Engineering Physics Vol. II (Record no. 18315)

MARC details
000 -LEADER
fixed length control field 00332nam a2200133Ia 4500
008 - FIXED-LENGTH DATA ELEMENTS--GENERAL INFORMATION
fixed length control field 221030s9999 xx 000 0 und d
041 ## - LANGUAGE CODE
Language code of text/sound track or separate title
100 ## - MAIN ENTRY--AUTHOR NAME
Personal name K. K. Sharma
245 #0 - TITLE STATEMENT
Title Engineering Physics Vol. II
Statement of responsibility, etc by K. K. Sharma
260 ## - PUBLICATION, DISTRIBUTION, ETC. (IMPRINT)
Name of publisher Kirti Publishers
Place of publication Jammu
Year of publication 2017
300 ## - PHYSICAL DESCRIPTION
Number of Pages 277
650 ## - SUBJECT ADDED ENTRY--TOPICAL TERM
Topical Term Physics
942 ## - ADDED ENTRY ELEMENTS (KOHA)
Koha item type Books
Holdings
Accession Number Cost, normal purchase price Serial Enumeration / chronology Source of acquisition Price effective from Koha item type Withdrawn / writtenoff status Materials specified (bound volume or other part) Damaged status Not for loan Permanent Location Current Location Shelving location Date acquired Lost/ Missing status department
BE 16149 350.00 II Donated by Sammer Khajuria (1612-CSE-2018) 10/30/2022 Books   Print     MIET Library, Jammu MIET Library, Jammu BL-Academic Block B, FL-2, CUP-7, SH-1, R-1 10/15/2019   BE
BB 974 350.00   Donated by Prof M. K. Jain ( EX- Prof. Physics Deptt. ) 10/30/2022 Books   Print     MIET Library, Jammu MIET Library, Jammu BL-Academic Block B, FL-2, CUP-101, SH-1, R-1 09/24/2019   BB
BB 975 350.00   Donated by Prof M. K. Jain ( EX- Prof. Physics Deptt. ) 10/30/2022 Books   Print     MIET Library, Jammu MIET Library, Jammu BL-Academic Block B, FL-2, CUP-101, SH-1, R-1 09/24/2019   BB
BB 976 350.00   Donated by Prof M. K. Jain ( EX- Prof. Physics Deptt. ) 10/30/2022 Books   Print     MIET Library, Jammu MIET Library, Jammu BL-Academic Block B, FL-2, CUP-101, SH-1, R-1 09/24/2019   BB